[Event "SLO-chT Central 1st League 17th"]
[Site "Slovenia"]
[Date "2016.10.06"]
[Round "3.4"]
[White "Djokic, Pavle"]
[Black "Kocijancic, Igor"]
[Result "0-1"]
[WhiteElo "1003"]
[BlackElo "1667"]
[PlyCount "44"]
[EventDate "2016.09.22"]
[EventType "team-tourn"]
[EventRounds "7"]
[EventCountry "SLO"]
[SourceTitle "EXT 2023"]
[Source "ChessBase"]
[SourceDate "2022.10.05"]
[SourceVersion "1"]
[SourceVersionDate "2022.10.05"]
[SourceQuality "1"]
[WhiteTeam "Komenda Suma"]
[BlackTeam "Kamnik DU"]
[WhiteTeamCountry "SLO"]
[BlackTeamCountry "SLO"]

1. d4 d5 2. c4 e6 3. Nc3 f5 4. Bf4 Nf6 5. e3 Bd6 6. Bxd6 Qxd6 7. Nb5 Qe7 8. Qa4 Nc6 9. Nf3 0-0 10. cxd5 exd5 11. Bd3 f4 12. Kd2 fxe3+ 13. fxe3 Ne4+ 14. Bxe4 dxe4 15. Ne1 Rf2+ 16. Kc3 a6 17. Na3 Be6 18. Rd1 Rd8 19. Rd2 b5 20. Qxa6 Qb4+ 21. Kc2 Rxd2+ 22. Kc1 Qxb2# 0-1